Les provinces de Maine et du Perche de A à Z - Statistiques

Statistiques générales
  • Ce quiz a été pris 13 fois
  • Le résultat moyen est 5 sur 26
Statistiques - réponses
Lettre Question Réponse % Correct
L Capitale du Maine Le Mans
73%
M Affluent de la Loire qui coule dans le Maine Mayenne
73%
N Ville principale du comté de Perche Nogent-le-Rotrou
45%
O Métal exploité à Genest-Saint-Isle Or
45%
S Affluent de la Loire qui coule dans le Maine Sarthe
45%
X Le comté du Perche est créé au (...)e siècle X
45%
T Il relie Paris au Mans en une heure TGV
36%
C Fleuve côtier de la baie du Mont-Saint-Michel qui traverse le Maine Couesnon
27%
J Ville principale des Diablintes Jublains
27%
H Elle forme une large vallée qui traverse le Maine Huisne
18%
D La Pierre Cochée, témoignage de l'occupation du Perche au néolithique est visible à Droué
9%
V Nom antique du Mans Vindunum
9%
A Peuple établi autour du Mans Aulerques Cénomans
0%
B Affluent du loir formant la limite est du Maine Braye
0%
E Commune située au centre de la plaine céréalière du Belinois Ecommoy
0%
F Ermite né en Auvergne évangélisateur du Maine Fraimbault
0%
G Château apprécié du futur roi Philippe VI (3 mots) Gué de Maulny
0%
I De nombreux habitants des régions de Tourouvre, Mortagne, Saint-Cosme et (...) choisissent d'émigrer au Canada au XVIIe siècle Igé
0%
K Forme de falaises formées par l'érosion comme le canyon de Saulges Karst
0%
P Grotte de la vallée de la Vègre occupée au paléolithique Pissegrêle
0%
Q Pierre exploitée dans le Maine pour faire des pavés Quartzite
0%
R 1er comte du Maine Rorgon
0%
U Affluent de l'Orne Udon | Ure
0%
W Terme germanique signifiant "fortifications" ayant donné de nombreux noms de lieux comme La Guierche werki
0%
Y Cette commune abrite l'abbaye de l'Epau Yvré-l'-Evêque
0%
Z Le Maine et le Perche comptent plusieurs (3 mots) comme la forêt de Vibraye ou la vallée du Loir Zones natura 2000
0%
Aucun quiz correspondant
Distribution des résultats
% des personnes avec chaque résultat
Percentile par nombre de réponses
Votre historique - résultats
Vous n’avez pas pris ce quiz